000 00300nam a22001337a 4500
008 170622b xxu||||| |||| 00| 0 eng d
020 _a2900312683015
041 _aeng
080 _a94
100 _a16
101 _aSHH
245 _aWESTERN SOCIETY: A BRIEF HISTORY
_cMCKAY,J.P
942 _2udc
_cBK
999 _c18641
_d18641